[Event "NEP-chB"]
[Site "Bhaktapur"]
[Date "2023.02.04"]
[Round "1"]
[White "Jaiswal, Rupesh"]
[Black "Kachhepati, Rajesh"]
[Result "1-0"]
[WhiteElo "2130"]
[BlackElo "1761"]
[PlyCount "77"]
[EventDate "2023.02.04"]
[EventType "swiss"]
[EventRounds "9"]
[EventCountry "NEP"]
[SourceTitle "EXT 2024"]
[Source "ChessBase"]
[SourceDate "2023.10.10"]
[SourceVersion "1"]
[SourceVersionDate "2023.10.10"]
[SourceQuality "1"]

1. e4 e5 2. Nf3 d6 3. d4 exd4 4. Nxd4 Nf6 5. Nc3 Be7 6. Be3 a6 7. a4 c5 8. Nb3 Be6 9. Be2 Nc6 10. 0-0 0-0 11. f4 Nd7 12. g4 f6 13. Qd2 Re8 14. Nd5 Bf8 15. c4 Bf7 16. Bd3 Ne7 17. a5 Nxd5 18. exd5 g6 19. Qf2 Bg7 20. Bd2 Nf8 21. Bc3 Rc8 22. Nd2 h6 23. Bc2 Nh7 24. f5 g5 25. Rae1 Rxe1 26. Rxe1 Qd7 27. Qg3 Bf8 28. Ne4 Kg7 29. Nxf6 Nxf6 30. Bxf6+ Kg8 31. h4 gxh4 32. Qxh4 Re8 33. Kf1 Rxe1+ 34. Qxe1 Qe8 35. Qg3 Be7 36. g5 h5 37. Bc3 Qd8 38. f6 Bf8 39. Qd3 1-0

[Event "Hetauda Metropolitan-ch U21"]
[Site "Hetauda"]
[Date "2021.03.25"]
[Round "2"]
[White "Kachhepati, Rajesh"]
[Black "Subedi, Rajan"]
[Result "0-1"]
[WhiteElo "1826"]
[BlackElo "1914"]
[PlyCount "104"]
[EventDate "2021.03.24"]
[EventType "swiss"]
[EventRounds "7"]
[EventCountry "NEP"]
[SourceTitle "EXT 2022"]
[Source "ChessBase"]
[SourceDate "2021.10.06"]
[SourceVersion "1"]
[SourceVersionDate "2021.10.06"]
[SourceQuality "1"]

1. e4 e5 2. Nf3 Nc6 3. Bb5 a6 4. Ba4 Nf6 5. 0-0 Nxe4 6. Re1 Nc5 7. Bxc6 dxc6 8. Nxe5 Be6 9. d4 Nd7 10. f4 Nxe5 11. fxe5 Qh4 12. Be3 0-0-0 13. Nd2 Be7 14. Nf3 Qh5 15. c3 Rhg8 16. Rf1 g5 17. Nd2 g4 18. Ne4 Qg6 19. Nf6 Rh8 20. b3 h5 21. c4 h4 22. Qb1 Qxb1 23. Raxb1 b5 24. Rbc1 Kb7 25. a4 h3 26. g3 Bxf6 27. Rxf6 Rh5 28. Rf2 Rd7 29. Rd2 Rd8 30. Bf4 Rf5 31. Kf2 Rd7 32. Ke3 f6 33. Rcc2 fxe5 34. dxe5 Rxd2 35. Kxd2 Rf7 36. axb5 cxb5 37. Kc3 Rd7 38. Rd2 Rxd2 39. Bxd2 bxc4 40. bxc4 a5 41. Kb3 Kb6 42. Ka4 Kc5 43. Bxa5 Kxc4 44. Bxc7 Kd3 45. Kb5 Ke2 46. Kc5 Kf2 47. Kd6 Bf5 48. e6 Kg2 49. e7 Bg6 50. Ke5 Kxh2 51. Kf4 Kg2 52. Kxg4 h2 0-1